| 000 | 00730nam a2200205Ia 4500 | ||
|---|---|---|---|
| 003 | GCL | ||
| 008 | 140319s9999 xx 000 0 ara d | ||
| 040 |
_aGCL / _cGCL |
||
| 082 | 0 | 4 |
_aم _b529.3 _bم ك |
| 100 | 1 | _aمحمد مختار باشا | |
| 245 | 1 | 0 |
_aكتاب التوفيقات الالهامية فى مقارنة التواريخ الهجرية بالسنين الافرنكية والقبطية / _cمحمد مختار باشا |
| 700 | 1 | _aمحمد عمارة | |
| 260 |
_a[S.N] : _bالمؤسسة العربية للدراسات والنشر ، _c1980 |
||
| 300 | _a1594 ص | ||
| 490 | _a | ||
| 650 | 0 | 4 | _aتاريخ |
| 650 | 0 | 4 | _aالاسلام |
| 650 | 0 | 4 | _aالتاريخ الاسلامى |
| 942 |
_2ddc _cBK |
||
| 999 |
_c52454 _d52454 |
||